000 00557nam a2200181 a 4500
001 000012852
005 20200929163103.0
008 091117s1967 ve 001 0 spa d
040 _aDO-SdBNP
_bspa
_cBNPHU
082 _aV863.44
_bB198e
100 1 _aBalza, José,
_d1939-
_923351
245 1 0 _aEjercicios narrativos :
_bprimera serie /
_cJosé Balza.
260 _aCumaná, (Venezuela) :
_bUniversitaria de Oriente,
_c1967.
300 _a54, [3] p. ;
_c23 cm.
650 4 _aNovela venezolana
_93962
650 4 _aLiteratura venezolana
_93816
049 _aBNGR
999 _c12500
_d12500